[Event "Dvorkovich Memorial op"]
[Site "Taganrog"]
[Date "2015.01.18"]
[Round "1"]
[White "Sarana, Alexey"]
[Black "Pligin, Genadiy M"]
[Result "1-0"]
[WhiteElo "2413"]
[BlackElo "1950"]
[PlyCount "115"]
[EventDate "2015.01.18"]
[EventType "swiss"]
[EventRounds "9"]
[EventCountry "RUS"]
[SourceTitle "CBM 164 Extra"]
[Source "ChessBase"]
[SourceDate "2015.03.02"]
[SourceVersion "1"]
[SourceVersionDate "2015.03.02"]
[SourceQuality "1"]

1. c4 c5 2. Nc3 Nc6 3. g3 d6 4. Bg2 g6 5. e3 Bg7 6. Nge2 e5 7. 0-0 Nge7 8. Nd5 0-0 9. Nec3 Nxd5 10. Nxd5 Ne7 11. Rb1 Be6 12. b4 Bxd5 13. cxd5 cxb4 14. Rxb4 b6 15. Qa4 f5 16. d3 a6 17. Qb3 Rb8 18. a4 h6 19. Ba3 Kh7 20. Rb1 Nc8 21. Rc4 Na7 22. Rbc1 Rf7 23. Rc6 Bf8 24. Rb1 Rfb7 25. Bf3 h5 26. h3 a5 27. Qc4 Nxc6 28. dxc6 Rg7 29. Bd5 Qc7 30. Bc1 Be7 31. Qa6 Bd8 32. Bd2 Qa7 33. Qb5 Bc7 34. e4 Rf8 35. Be6 fxe4 36. dxe4 Qa8 37. Be3 Rb8 38. Qd5 Qa6 39. Rb5 Rf8 40. Kg2 Qa7 41. Kf1 Re7 42. Bg5 Rg7 43. Kg2 Qb8 44. Rb3 Qe8 45. Rb2 Qa8 46. Be3 Qa7 47. Rb5 Re7 48. Bg5 Rg7 49. f4 Qb8 50. h4 Bd8 51. f5 Qc7 52. Rb1 Bf6 53. fxg6+ Rxg6 54. Bf5 Kg7 55. Bxg6 Bxg5 56. Bxh5 Be3 57. Rf1 Qe7 58. Rf7+ 1-0

[Event "Dvorkovich Memorial op-B 9th"]
[Site "Taganrog"]
[Date "2014.08.10"]
[Round "9"]
[White "Pligin, Genadiy M"]
[Black "Bezuglov, Nikolay"]
[Result "1-0"]
[WhiteElo "1916"]
[BlackElo "1794"]
[PlyCount "83"]
[EventDate "2014.08.02"]
[EventType "swiss"]
[EventRounds "9"]
[EventCountry "RUS"]
[SourceTitle "CBM 162 Extra"]
[Source "ChessBase"]
[SourceDate "2014.10.17"]
[SourceVersion "1"]
[SourceVersionDate "2014.10.17"]
[SourceQuality "1"]

1. e4 c5 2. Nf3 d6 3. Bb5+ Bd7 4. Bxd7+ Qxd7 5. c4 Nc6 6. d4 Qg4 7. 0-0 cxd4 8. Na3 e5 9. h3 Qd7 10. Nh2 Be7 11. f4 Nf6 12. Qe2 a6 13. Bd2 Rb8 14. Rae1 g6 15. g4 Qd8 16. fxe5 dxe5 17. Bh6 Rg8 18. Qf2 Nb4 19. Rd1 Rc8 20. Qf3 d3 21. Be3 Rf8 22. c5 Rc6 23. Nc4 Qc7 24. Nd6+ Bxd6 25. cxd6 Rxd6 26. Bg5 Ng8 27. a3 h6 28. Bc1 Rf6 29. Qe3 Rxf1+ 30. Nxf1 Na2 31. Bd2 Qc2 32. Qe1 Qxb2 33. Rb1 Qd4+ 34. Qe3 b5 35. Rb3 Nf6 36. Rxd3 Qxe3+ 37. Rxe3 Ke7 38. Re2 g5 39. Be1 Nc1 40. Bb4+ Ke8 41. Rc2 Rg8 42. Rxc1 1-0

[Event "Dvorkovich Memorial op-B 9th"]
[Site "Taganrog"]
[Date "2014.08.03"]
[Round "2"]
[White "Pligin, Genadiy M"]
[Black "Shamugia, Panteley"]
[Result "0-1"]
[WhiteElo "1916"]
[BlackElo "1947"]
[PlyCount "90"]
[EventDate "2014.08.02"]
[EventType "swiss"]
[EventRounds "9"]
[EventCountry "RUS"]
[SourceTitle "CBM 162 Extra"]
[Source "ChessBase"]
[SourceDate "2014.10.17"]
[SourceVersion "1"]
[SourceVersionDate "2014.10.17"]
[SourceQuality "1"]

1. e4 e5 2. Nf3 Nf6 3. Nc3 Nc6 4. Bc4 Be7 5. d3 d6 6. h3 a6 7. a4 h6 8. Bd2 0-0 9. 0-0 Bd7 10. Ne2 Nh5 11. g4 Nf6 12. Kg2 Qc8 13. Nh2 Nh7 14. f3 Bg5 15. Bxg5 Nxg5 16. Qd2 Ne6 17. c3 Ne7 18. d4 Ng6 19. Bxe6 Bxe6 20. d5 Bd7 21. Rh1 Nh4+ 22. Kg3 g5 23. c4 Qd8 24. Ra3 b5 25. cxb5 axb5 26. a5 Ng6 27. b4 c5 28. dxc6 Bxc6 29. Rd1 Nf4 30. Nc3 Rc8 31. Nf1 Qf6 32. Qxd6 Ne6 33. Qd2 Nd4 34. Ne2 Rfd8 35. Nxd4 Rxd4 36. Rd3 Rcd8 37. Rxd4 Rxd4 38. Qe1 Rc4 39. Qe3 Rxb4 40. Ra1 Rb2 41. h4 gxh4+ 42. Kh3 b4 43. a6 Rc2 44. Nh2 Rc3 45. Qe1 Rc2 0-1

[Event "Taganrog-ch"]
[Site "Taganrog"]
[Date "2010.11.25"]
[Round "4"]
[White "Chernyavsky, Alexander"]
[Black "Pligin, Genadiy M"]
[Result "1-0"]
[WhiteElo "2216"]
[BlackElo "1958"]
[PlyCount "91"]
[EventDate "2010.11.18"]
[EventType "tourn"]
[EventRounds "13"]
[EventCountry "RUS"]
[SourceTitle "EXT 2014"]
[Source "ChessBase"]
[SourceDate "2013.11.20"]
[SourceVersion "1"]
[SourceVersionDate "2013.11.20"]
[SourceQuality "1"]

1. d4 d5 2. c4 e6 3. Nc3 Nf6 4. cxd5 exd5 5. Bg5 Be7 6. e3 Nbd7 7. Bd3 c6 8. Nge2 h6 9. Bh4 Nh5 10. Bxe7 Qxe7 11. Qc2 Nb6 12. 0-0 0-0 13. Rab1 Bg4 14. b4 a6 15. a4 Qd6 16. f3 Bd7 17. a5 Nc8 18. e4 Nf4 19. e5 Nxe2+ 20. Qxe2 Qe7 21. f4 f5 22. g4 Qf7 23. Na4 fxg4 24. f5 Qh5 25. e6 Be8 26. Qe5 Qg5 27. Nc5 Qe7 28. Kh1 Nd6 29. Rg1 h5 30. h3 Nc4 31. Bxc4 dxc4 32. hxg4 Rd8 33. g5 Rd5 34. f6 Qd6 35. Nxb7 Qxe5 36. dxe5 Rxe5 37. e7 Rf7 38. Nd6 Bd7 39. Rbe1 Rxe1 40. Rxe1 gxf6 41. Nxf7 Kxf7 42. g6+ Kxg6 43. e8Q+ Bxe8 44. Rxe8 Kf5 45. Kg2 Kf4 46. Re6 1-0

[Event "Dvorkovich Memorial op 5th"]
[Site "Taganrog"]
[Date "2010.08.02"]
[Round "1"]
[White "Pligin, Genadiy M"]
[Black "Mandrikin, Igor"]
[Result "1/2-1/2"]
[WhiteElo "1897"]
[BlackElo "2295"]
[PlyCount "170"]
[EventDate "2010.08.02"]
[EventType "swiss"]
[EventRounds "9"]
[EventCountry "RUS"]
[SourceTitle "EXT 2013"]
[Source "ChessBase"]
[SourceDate "2012.11.22"]
[SourceVersion "1"]
[SourceVersionDate "2012.11.22"]
[SourceQuality "1"]

1. e4 c6 2. d4 d5 3. e5 Bf5 4. Bd3 Bxd3 5. Qxd3 e6 6. Nf3 Qb6 7. 0-0 Ne7 8. Nc3 Nd7 9. Na4 Qa5 10. b3 Rc8 11. Bd2 Qb5 12. c4 dxc4 13. Qxc4 Qxc4 14. bxc4 c5 15. dxc5 Nxc5 16. Nxc5 Rxc5 17. Be3 Ra5 18. Rfb1 b6 19. c5 bxc5 20. Rb8+ Kd7 21. Rab1 Ng6 22. h4 h5 23. R8b7+ Kc6 24. Rxf7 Rxa2 25. Rbb7 Ra1+ 26. Kh2 Ra4 27. g3 Be7 28. Rfxe7 Nxe7 29. Rxe7 Kd5 30. Rd7+ Kc4 31. Rc7 Ra5 32. Nd2+ Kd5 33. Nb3 Rb5 34. Nxc5 a5 35. Na4 Kxe5 36. Nc3 Rb4 37. Rc5+ Kf6 38. Rxa5 Rc4 39. Ne2 e5 40. Ng1 Re8 41. Nh3 Rcc8 42. Bg5+ Kg6 43. Rd5 Re6 44. Kg2 Ree8 45. Rd7 Rc2 46. Be3 Rcc8 47. Bg5 Rc2 48. Rd6+ Kf5 49. Be3 Rcc8 50. Rd7 Kg6 51. Bg5 Rc2 52. Ng1 Ra2 53. Rd5 Raa8 54. Nf3 Kf5 55. Rd7 Kg6 56. Nd2 Ra4 57. Kf1 Ra1+ 58. Ke2 Ra2 59. Be3 Ra4 60. f3 Ra2 61. Kd3 Ra3+ 62. Ke4 Ra4+ 63. Kd3 Ra3+ 64. Ke2 Ra2 65. g4 Rh8 66. Rd6+ Kf7 67. Bg5 hxg4 68. fxg4 Ra4 69. Kf3 Rb8 70. Rd7+ Kg8 71. Re7 Rf8+ 72. Kg3 Ra3+ 73. Kg2 Ra4 74. Rxe5 Rxg4+ 75. Kh3 Rg1 76. Re3 Ra1 77. Nf3 Rfa8 78. Kg4 R1a4+ 79. Kg3 Ra3 80. Re2 Ra2 81. Nd2 R2a3+ 82. Kg4 R3a4+ 83. Ne4 Re8 84. Kf3 Rf8+ 85. Bf4 Ra3+ 1/2-1/2